[Event "Bremen-ch op"]
[Site "Bremen"]
[Date "2014.04.19"]
[Round "9"]
[White "Kosak, Robert"]
[Black "Margraf, Daniel"]
[Result "0-1"]
[WhiteElo "2219"]
[BlackElo "2223"]
[PlyCount "70"]
[EventDate "2014.04.14"]
[EventType "swiss"]
[EventRounds "9"]
[EventCountry "GER"]
[SourceTitle "EXT 2018"]
[Source "ChessBase"]
[SourceDate "2017.10.13"]
[SourceVersion "1"]
[SourceVersionDate "2017.10.13"]
[SourceQuality "1"]

1. e4 e5 2. Nf3 Nc6 3. Bc4 d6 4. h3 Be7 5. d4 exd4 6. Nxd4 Nf6 7. Nc3 0-0 8. Be3 Re8 9. Qd2 Bf8 10. f3 Na5 11. Bd3 d5 12. Nxd5 Nxd5 13. exd5 c5 14. Nb5 Bd7 15. Nc3 Qh4+ 16. Kf1 Nc4 17. Bxc4 Qxc4+ 18. Kf2 Bd6 19. Ne4 Rxe4 20. fxe4 Qxe4 21. Kg1 Re8 22. Bf2 Re5 23. Rd1 Rf5 24. b3 b5 25. Qa5 Qxc2 26. Qd8+ Bf8 27. Rf1 Rxd5 28. h4 Rd2 29. Rh2 Bf5 30. Qa8 Bd3 31. Be1 Rd1 32. g4 Qb1 33. Qe8 Bxf1 34. Kxf1 Qd3+ 35. Kg1 Qg3+ 0-1

[Event "Oberliga Nord W 0506"]
[Site "Germany"]
[Date "2006.04.02"]
[Round "9.1"]
[White "Laubsch, Bernd"]
[Black "Kosak, Robert"]
[Result "1-0"]
[WhiteElo "2324"]
[BlackElo "2229"]
[PlyCount "61"]
[EventDate "2005.10.23"]
[EventType "team-tourn"]
[EventRounds "9"]
[EventCountry "GER"]
[SourceTitle "CBM 111 Extra"]
[Source "ChessBase"]
[SourceDate "2006.05.09"]
[SourceVersion "1"]
[SourceVersionDate "2006.05.09"]
[SourceQuality "1"]
[WhiteTeam "Uelzen Post"]
[BlackTeam "Bremen Nord"]
[WhiteTeamCountry "GER"]
[BlackTeamCountry "GER"]

1. e4 c5 2. Nf3 Nc6 3. d4 cxd4 4. Nxd4 g6 5. Nc3 Bg7 6. Be3 Qa5 7. Qd2 Nf6 8. Nb3 Qc7 9. Bh6 Bxh6 10. Qxh6 Qe5 11. 0-0-0 Nxe4 12. f4 Qe6 13. Re1 d5 14. Nc5 Nxc5 15. Rxe6 Bxe6 16. Bb5 a6 17. Bxc6+ bxc6 18. Qg7 Kd7 19. b4 Nb7 20. Na4 Kc7 21. Qe5+ Nd6 22. Nc5 Rhf8 23. Re1 a5 24. b5 Rae8 25. c4 Bf5 26. bxc6 dxc4 27. Na4 Kxc6 28. Qc5+ Kb7 29. Re2 c3 30. Nxc3 Ka6 31. Rxe7 1-0

[Event "Oberliga Nord W 0506"]
[Site "Germany"]
[Date "2006.01.15"]
[Round "5.1"]
[White "Weyrich, Morten"]
[Black "Kosak, Robert"]
[Result "1/2-1/2"]
[WhiteElo "2312"]
[BlackElo "2229"]
[PlyCount "43"]
[EventDate "2005.10.23"]
[EventType "team-tourn"]
[EventRounds "9"]
[EventCountry "GER"]
[SourceTitle "CBM 111 Extra"]
[Source "ChessBase"]
[SourceDate "2006.05.09"]
[SourceVersion "1"]
[SourceVersionDate "2006.05.09"]
[SourceQuality "1"]
[WhiteTeam "Hameln"]
[BlackTeam "Bremen Nord"]
[WhiteTeamCountry "GER"]
[BlackTeamCountry "GER"]

1. c4 c5 2. Nc3 Nc6 3. g3 g6 4. Bg2 Bg7 5. d3 e5 6. e4 Nge7 7. Nge2 d6 8. Nd5 0-0 9. Be3 f5 10. Qd2 Nxd5 11. cxd5 Nd4 12. Nxd4 cxd4 13. Bg5 Qb6 14. 0-0 fxe4 15. Bxe4 Bh3 16. Rfc1 Rf7 17. Rc2 Raf8 18. Qe1 Bf6 19. Bh6 Bg7 20. Bg5 Bf6 21. Bh6 Bg7 22. Bg5 1/2-1/2

[Event "Oberliga Nord W 0506"]
[Site "Germany"]
[Date "2005.12.11"]
[Round "4.1"]
[White "Kosak, Robert"]
[Black "Nuesken, Nikolas"]
[Result "1/2-1/2"]
[WhiteElo "2229"]
[BlackElo "2271"]
[PlyCount "84"]
[EventDate "2005.10.23"]
[EventType "team-tourn"]
[EventRounds "9"]
[EventCountry "GER"]
[SourceTitle "CBM 111 Extra"]
[Source "ChessBase"]
[SourceDate "2006.05.09"]
[SourceVersion "1"]
[SourceVersionDate "2006.05.09"]
[SourceQuality "1"]
[WhiteTeam "Bremen Nord"]
[BlackTeam "Hannover Post"]
[WhiteTeamCountry "GER"]
[BlackTeamCountry "GER"]

1. e4 c5 2. Nf3 e6 3. b3 b6 4. Bb2 Bb7 5. Nc3 Nc6 6. d4 cxd4 7. Nxd4 Be7 8. Be2 d6 9. Bb5 Qc8 10. Qd3 a6 11. Bxc6+ Bxc6 12. Nxc6 Qxc6 13. Ne2 Nf6 14. f3 d5 15. e5 Nd7 16. 0-0 0-0 17. Rac1 b5 18. f4 g6 19. g4 f5 20. exf6 Bxf6 21. Bxf6 Rxf6 22. c4 dxc4 23. bxc4 e5 24. cxb5 Qxb5 25. Rfd1 Rf7 26. Qe4 Re8 27. fxe5 Nxe5 28. Nd4 Qa4 29. Qd5 Nxg4 30. Rf1 Qd7 31. Qxf7+ Qxf7 32. Rxf7 Kxf7 33. Rc6 Re4 34. Nf3 Ra4 35. h3 Ne3 36. Ng5+ Kg7 37. Ne6+ Kh6 38. Rc3 Nd5 39. Rc2 Nb4 40. Rc4 g5 41. a3 Rxa3 42. Rxb4 Rxh3 1/2-1/2

[Event "Oberliga Nord W 0405"]
[Site "Germany"]
[Date "2005.02.13"]
[Round "7.1"]
[White "Renner, Kai"]
[Black "Kosak, Robert"]
[Result "0-1"]
[WhiteElo "2214"]
[BlackElo "2220"]
[PlyCount "79"]
[EventDate "2004.10.24"]
[EventType "team-tourn"]
[EventRounds "9"]
[EventCountry "GER"]
[SourceTitle "EXT 2006"]
[Source "ChessBase"]
[SourceDate "2005.11.24"]
[SourceVersion "1"]
[SourceVersionDate "2005.11.24"]
[SourceQuality "1"]
[WhiteTeam "Hameln"]
[BlackTeam "Bremen Nord"]
[WhiteTeamCountry "GER"]
[BlackTeamCountry "GER"]

1. e4 c6 2. d4 d5 3. Nd2 g6 4. Ngf3 Bg7 5. c3 Nf6 6. Bd3 dxe4 7. Nxe4 Nxe4 8. Bxe4 0-0 9. 0-0 Bf5 10. Bxf5 gxf5 11. Re1 e6 12. Bf4 Nd7 13. Qe2 h6 14. Rad1 Kh7 15. Rd3 Rg8 16. Ne5 Nxe5 17. dxe5 Qh4 18. g3 Qe7 19. Red1 Rgd8 20. Qd2 Rxd3 21. Qxd3 h5 22. Qd7 Re8 23. Bg5 Qxd7 24. Rxd7 Kg6 25. f4 Rb8 26. Be7 Bf8 27. Bxf8 Rxf8 28. Kf2 Rb8 29. Ke3 a5 30. Kd4 b6 31. Kc4 h4 32. Rc7 b5+ 33. Kd4 Rd8+ 34. Ke3 Rd1 35. gxh4 Rh1 36. Rxc6 Rxh2 37. b4 axb4 38. cxb4 Rb2 39. a3 Rb3+ 40. Kd4 0-1

[Event "Oberliga Nord W 0405"]
[Site "Germany"]
[Date "2004.10.24"]
[Round "1.1"]
[White "Kosak, Robert"]
[Black "Margraf, Daniel"]
[Result "1-0"]
[WhiteElo "2220"]
[BlackElo "2227"]
[PlyCount "109"]
[EventDate "2004.10.24"]
[EventType "team-tourn"]
[EventRounds "9"]
[EventCountry "GER"]
[SourceTitle "EXT 2006"]
[Source "ChessBase"]
[SourceDate "2005.11.24"]
[SourceVersion "1"]
[SourceVersionDate "2005.11.24"]
[SourceQuality "1"]
[WhiteTeam "Bremen Nord"]
[BlackTeam "Delmenhorst"]
[WhiteTeamCountry "GER"]
[BlackTeamCountry "GER"]

1. e4 d6 2. g3 e5 3. Bg2 Nc6 4. Ne2 f5 5. exf5 Bxf5 6. d4 Nf6 7. 0-0 Be7 8. h3 0-0 9. d5 Nb4 10. Na3 c6 11. dxc6 bxc6 12. g4 Bg6 13. c3 Nd3 14. Bxc6 Rc8 15. Bb5 Nxc1 16. Rxc1 d5 17. Ng3 Bc5 18. b4 Bb6 19. c4 a5 20. bxa5 Bc5 21. Qa4 d4 22. Nb1 e4 23. Nd2 Qc7 24. Nb3 Ba7 25. c5 e3 26. Qxd4 exf2+ 27. Qxf2 Bb8 28. Bc4+ Kh8 29. Rc3 Nd7 30. Qg2 Nxc5 31. Be6 Nxe6 32. Rxc7 Bxc7 33. Rxf8+ Rxf8 34. Nf5 Nf4 35. Qf3 Bf7 36. Nbd4 Bd5 37. Qc3 Be5 38. Qc5 Rb8 39. Nb5 g6 40. Ne7 Nxh3+ 41. Kf1 Rf8+ 42. Ke2 Bf3+ 43. Kd3 Nf4+ 44. Kc2 Be4+ 45. Kb3 Bg7 46. a6 Ne6 47. Qd6 Rf6 48. Qb8+ Rf8 49. a7 Nc5+ 50. Kc4 Nd7 51. Qc7 Ne5+ 52. Kb3 Nxg4 53. Nd6 Bf3 54. Nc6 Bd5+ 55. Kb4 1-0

[Event "Oberliga Nord W 0304"]
[Site "Germany"]
[Date "2004.03.28"]
[Round "8.1"]
[White "Sawatzki, Frank"]
[Black "Kosak, Robert"]
[Result "1-0"]
[WhiteElo "2342"]
[BlackElo "2263"]
[PlyCount "83"]
[EventDate "2003.10.12"]
[EventType "team-tourn"]
[EventRounds "9"]
[EventCountry "GER"]
[SourceTitle "EXT 2005"]
[Source "ChessBase"]
[SourceDate "2004.11.15"]
[SourceVersion "1"]
[SourceVersionDate "2004.11.15"]
[SourceQuality "1"]
[WhiteTeam "Oldenburg Union"]
[BlackTeam "Bremen Nord"]
[WhiteTeamCountry "GER"]
[BlackTeamCountry "GER"]

1. e4 c6 2. d4 d5 3. Nc3 g6 4. Nf3 Bg7 5. h3 Nf6 6. Bd3 b6 7. 0-0 Ba6 8. e5 Nfd7 9. Bg5 Nf8 10. Ne2 Ne6 11. Bxa6 Nxa6 12. c4 Nac7 13. Qa4 Qd7 14. Rac1 Nxg5 15. Nxg5 h6 16. Nf3 Ne6 17. Rc3 Rd8 18. cxd5 cxd5 19. Qc2 0-0 20. Rc1 h5 21. Nh4 Kh7 22. f4 f5 23. g4 Bh6 24. Rf1 Qe8 25. Rg3 Rc8 26. Qd3 fxg4 27. hxg4 Nxf4 28. Nxf4 Rxf4 29. Rxf4 Bxf4 30. Rf3 Bg5 31. gxh5 Bxh4 32. Rh3 Rc1+ 33. Kg2 Qc6 34. Kf3 Bg5 35. hxg6+ Kg8 36. Kg4 Rg1+ 37. Kh5 Qe6 38. Rg3 Bc1 39. Rxg1 Bf4 40. Rg4 Bh6 41. Rg2 Kg7 42. Rf2 1-0

[Event "Oberliga Nord W 0304"]
[Site "Germany"]
[Date "2004.03.07"]
[Round "7.2"]
[White "Kosak, Robert"]
[Black "Weyrich, Morten"]
[Result "0-1"]
[WhiteElo "2263"]
[BlackElo "2311"]
[PlyCount "56"]
[EventDate "2003.10.12"]
[EventType "team-tourn"]
[EventRounds "9"]
[EventCountry "GER"]
[SourceTitle "EXT 2005"]
[Source "ChessBase"]
[SourceDate "2004.11.15"]
[SourceVersion "1"]
[SourceVersionDate "2004.11.15"]
[SourceQuality "1"]
[WhiteTeam "Bremen Nord"]
[BlackTeam "Hameln"]
[WhiteTeamCountry "GER"]
[BlackTeamCountry "GER"]

1. e4 e5 2. Nf3 Nc6 3. Bc4 Bc5 4. b4 Bxb4 5. c3 Ba5 6. d4 exd4 7. Qb3 Qe7 8. 0-0 Bb6 9. Ba3 Qf6 10. e5 Qf4 11. cxd4 Nge7 12. d5 Na5 13. Qb4 c5 14. dxc6 Nexc6 15. Bxf7+ Qxf7 16. Qe4 Qc4 17. Qf5 d6 18. e6 Bxe6 19. Re1 Kd7 20. Qg5 Qg4 21. Qb5 Nc4 22. Rd1 Raf8 23. Bxd6 Nxd6 24. Ne5+ Kc7 25. Rxd6 Nxe5 26. Qxe5 Qf4 27. Rxe6+ Qxe5 28. Rxe5 Bxf2+ 0-1

[Event "Oberliga Nord W 0203"]
[Site "Germany"]
[Date "2002.12.15"]
[Round "3.2"]
[White "Hermann, Manfred"]
[Black "Kosak, Robert"]
[Result "1/2-1/2"]
[WhiteElo "2338"]
[BlackElo "2258"]
[PlyCount "59"]
[EventDate "2002.10.20"]
[EventType "team"]
[EventRounds "9"]
[EventCountry "GER"]
[SourceTitle "EXT 2004"]
[Source "ChessBase"]
[SourceDate "2003.11.25"]
[SourceVersion "1"]
[SourceVersionDate "2003.11.25"]
[SourceQuality "1"]
[WhiteTeam "Oldenburg Union"]
[BlackTeam "Bremen Nord"]
[WhiteTeamCountry "GER"]
[BlackTeamCountry "GER"]

1. e4 Nf6 2. e5 Nd5 3. c4 Nb6 4. c5 Nd5 5. Bc4 e6 6. d4 d6 7. cxd6 cxd6 8. Nf3 Nc6 9. a3 Nc7 10. Qe2 a6 11. Nc3 d5 12. Bd3 Be7 13. h4 b5 14. Qc2 Bb7 15. Ne2 h6 16. Ng3 b4 17. a4 Rc8 18. Nh5 Kf8 19. b3 Ne8 20. Qd1 g6 21. Nf4 Ng7 22. Bb2 Qb6 23. Bxg6 fxg6 24. Nxg6+ Kf7 25. Nxh8+ Rxh8 26. h5 Ke8 27. Qc2 Nf5 28. a5 Qa7 29. Qd3 Rg8 30. 0-0 1/2-1/2

[Event "Oberliga Nord W 0203"]
[Site "Germany"]
[Date "2002.10.20"]
[Round "1.2"]
[White "Korsus, Bernd"]
[Black "Kosak, Robert"]
[Result "1/2-1/2"]
[WhiteElo "2269"]
[BlackElo "2258"]
[PlyCount "84"]
[EventDate "2002.10.20"]
[EventType "team"]
[EventRounds "9"]
[EventCountry "GER"]
[SourceTitle "EXT 2004"]
[Source "ChessBase"]
[SourceDate "2003.11.25"]
[SourceVersion "1"]
[SourceVersionDate "2003.11.25"]
[SourceQuality "1"]
[WhiteTeam "Delmenhorst"]
[BlackTeam "Bremen Nord"]
[WhiteTeamCountry "GER"]
[BlackTeamCountry "GER"]

1. d4 e6 2. c4 Nf6 3. Nc3 d5 4. Nf3 Nbd7 5. cxd5 exd5 6. Bg5 Be7 7. e3 0-0 8. Bd3 c6 9. 0-0 Re8 10. Qc2 Nf8 11. Rae1 Ng6 12. Ne5 Nd7 13. Bxe7 Rxe7 14. Nxg6 hxg6 15. b4 Nf6 16. b5 cxb5 17. Nxb5 a6 18. Nc3 Rc7 19. Qb3 Bf5 20. Bxf5 gxf5 21. Rc1 Rac8 22. Ne2 Rxc1 23. Rxc1 Rxc1+ 24. Nxc1 Qa5 25. Qd1 b5 26. h3 g6 27. Qc2 Qe1+ 28. Kh2 Ne4 29. Nd3 Qc3 30. Qd1 a5 31. Nf4 Qc4 32. f3 Nc3 33. Qe1 b4 34. Qg3 Qc7 35. h4 a4 36. h5 Qd6 37. Kh3 b3 38. axb3 axb3 39. Qf2 Qb6 40. Qh4 b2 41. hxg6 fxg6 42. Qe7 b1Q 1/2-1/2

[Event "Oberliga Nord W 0102"]
[Site "Germany"]
[Date "2001.11.11"]
[Round "2.3"]
[White "Kosak, Robert"]
[Black "Freitag, Roland"]
[Result "1/2-1/2"]
[WhiteElo "2249"]
[BlackElo "2259"]
[PlyCount "105"]
[EventDate "2001.10.07"]
[EventType "team"]
[EventRounds "9"]
[EventCountry "GER"]
[SourceTitle "EXT 2003"]
[Source "ChessBase"]
[SourceDate "2002.11.25"]
[SourceVersion "1"]
[SourceVersionDate "2002.11.25"]
[SourceQuality "1"]
[WhiteTeam "Bremen Nord"]
[BlackTeam "Goettingen"]
[WhiteTeamCountry "GER"]
[BlackTeamCountry "GER"]

1. g3 Nf6 2. Bg2 g6 3. e4 d6 4. d4 Bg7 5. Ne2 0-0 6. 0-0 e5 7. d5 Ne8 8. c4 f5 9. f3 c5 10. dxc6 Nxc6 11. Nbc3 Be6 12. b3 a6 13. Be3 f4 14. Bf2 fxg3 15. hxg3 Rf7 16. Qd2 Qe7 17. Rad1 Qf8 18. Be3 Rb8 19. Nd5 h5 20. Rc1 Kh7 21. Rf2 Rc8 22. Rcf1 Nf6 23. Nxf6+ Bxf6 24. f4 Bg4 25. Bf3 Bh3 26. Rd1 exf4 27. gxf4 Be7 28. Rh2 Bd7 29. Kh1 h4 30. Bg2 Kh8 31. Ng1 Rh7 32. Bh3 Bxh3 33. Nxh3 Re8 34. Rg1 Bf6 35. Nf2 Rg7 36. Rhg2 Kh7 37. Qd3 Nb4 38. Qb1 Qf7 39. Ng4 Qe6 40. Nxf6+ Qxf6 41. f5 Qc3 42. fxg6+ Kg8 43. Qe1 Qxe1 44. Rxe1 Rxe4 45. Bd2 Rxe1+ 46. Bxe1 Nd3 47. Bxh4 Nf4 48. Rg4 Nxg6 49. Bg3 Ne5 50. Rxg7+ Kxg7 51. c5 Kf6 52. cxd6 Nf7 53. Kg2 1/2-1/2

[Event "Oberliga Nord W 9900"]
[Site "Germany"]
[Date "2000.02.20"]
[Round "6.4"]
[White "Kosak, Robert"]
[Black "Schoenberger, Peter"]
[Result "1/2-1/2"]
[WhiteElo "2225"]
[BlackElo "2097"]
[PlyCount "38"]
[EventDate "1999.10.??"]
[EventType "team"]
[EventRounds "9"]
[EventCountry "GER"]
[SourceTitle "EXT 2003"]
[Source "ChessBase"]
[SourceDate "2002.11.25"]
[SourceVersion "1"]
[SourceVersionDate "2002.11.25"]
[SourceQuality "1"]
[WhiteTeam "Bremen Nord"]
[BlackTeam "Buxtehude"]
[WhiteTeamCountry "GER"]
[BlackTeamCountry "GER"]

1. e4 e5 2. Nf3 Nc6 3. Bc4 Be7 4. d4 d6 5. 0-0 Nf6 6. d5 Nb8 7. Bd3 Nbd7 8. c4 Nc5 9. Nc3 Nxd3 10. Qxd3 0-0 11. c5 Ne8 12. cxd6 cxd6 13. Nd2 f5 14. f3 f4 15. Rf2 Bh4 16. Re2 Rf6 17. Nf1 Rg6 18. Bd2 h5 19. Kh1 Bd7 1/2-1/2

[Event "Baunatal op 5th"]
[Site "Baunatal"]
[Date "1999.08.14"]
[Round "6"]
[White "Kosak, Robert"]
[Black "Schnegelsberg, Karl Heinz"]
[Result "1-0"]
[WhiteElo "2227"]
[BlackElo "2124"]
[PlyCount "53"]
[EventDate "1999.08.??"]
[EventType "swiss"]
[EventRounds "7"]
[EventCountry "GER"]
[SourceTitle "EXT 2000"]
[Source "ChessBase"]
[SourceDate "1999.11.16"]
[SourceVersion "1"]
[SourceVersionDate "1999.11.16"]
[SourceQuality "1"]

1. e4 e6 2. d3 d5 3. Nd2 Nf6 4. Ngf3 Nc6 5. g3 Bc5 6. e5 Ng4 7. d4 Nxd4 8. Nxd4 Nxf2 9. Kxf2 Bxd4+ 10. Kg2 Bxe5 11. Bd3 Bf6 12. Re1 e5 13. c4 c6 14. cxd5 cxd5 15. Bb5+ Kf8 16. Nf3 Bg4 17. Qb3 Qa5 18. Be3 d4 19. Bf2 Be6 20. Bc4 Bxc4 21. Qxc4 Re8 22. b4 Qd8 23. Re4 g6 24. Rae1 b5 25. Qxb5 Kg7 26. Nxe5 Qa8 27. Qc6 1-0

[Event "Baunatal op 5th"]
[Site "Baunatal"]
[Date "1999.08.13"]
[Round "3"]
[White "Blum, Gernot"]
[Black "Kosak, Robert"]
[Result "0-1"]
[WhiteElo "2128"]
[BlackElo "2227"]
[PlyCount "144"]
[EventDate "1999.08.??"]
[EventType "swiss"]
[EventRounds "7"]
[EventCountry "GER"]
[SourceTitle "EXT 2000"]
[Source "ChessBase"]
[SourceDate "1999.11.16"]
[SourceVersion "1"]
[SourceVersionDate "1999.11.16"]
[SourceQuality "1"]

1. c4 f5 2. Nf3 Nf6 3. Nc3 g6 4. g3 Bg7 5. Bg2 d6 6. 0-0 e5 7. d3 0-0 8. Rb1 a5 9. a3 h6 10. b4 axb4 11. axb4 g5 12. b5 Nbd7 13. Bb2 Nc5 14. d4 Ncd7 15. e3 e4 16. Nd2 g4 17. Qb3 Kh8 18. Ra1 Rb8 19. Ra7 Nh7 20. Nd5 Ng5 21. Rfa1 Nf6 22. Nf4 Kh7 23. Ba3 Ne6 24. Ne2 Ng5 25. b6 c6 26. Ra2 Be6 27. Nf4 Bf7 28. Qb4 Ne8 29. Qa5 Bg6 30. Nb1 Bf6 31. Nc3 Ng7 32. d5 c5 33. Bb2 Be8 34. Nb5 Bxb5 35. Qxb5 Bxb2 36. Qxb2 Qe8 37. h4 Nf7 38. Qf6 Qe5 39. Qg6+ Kg8 40. Nh5 Nh8 41. Qxh6 Nxh5 42. Qxh5 Qf6 43. Bf1 Nf7 44. Be2 Ne5 45. Kg2 Kg7 46. Ra1 Rh8 47. Qg5+ Qxg5 48. hxg5 Kg6 49. Rh1 Rxh1 50. Kxh1 Kxg5 51. Ra1 Nd7 52. Rb1 Ra8 53. Kg2 Ra2 54. Kf1 Ra6 55. Ke1 Rxb6 56. Ra1 Ra6 57. Rb1 b6 58. Rb2 Kf6 59. Kd2 Ke7 60. Bd1 Kd8 61. Bb3 Ra1 62. Ba2 Kc7 63. Kc2 Ne5 64. Kb3 Nd3 65. Rd2 Nc1+ 66. Kb2 Rxa2+ 67. Kxc1 Rxd2 68. Kxd2 b5 69. Kc3 Kb6 70. Kb3 bxc4+ 71. Kb2 Ka5 72. Kc3 Kb5 0-1

[Event "Oberliga Nord W 9899"]
[Site "Germany"]
[Date "1999.03.21"]
[Round "8.4"]
[White "Homuth, Wolfgang"]
[Black "Kosak, Robert"]
[Result "0-1"]
[WhiteElo "2225"]
[BlackElo "2240"]
[PlyCount "84"]
[EventDate "1998.10.??"]
[EventType "team"]
[EventRounds "9"]
[EventCountry "GER"]
[SourceTitle "EXT 2003"]
[Source "ChessBase"]
[SourceDate "2002.11.25"]
[SourceVersion "1"]
[SourceVersionDate "2002.11.25"]
[SourceQuality "1"]
[WhiteTeam "Delmenhorst II"]
[BlackTeam "Bremen Nord"]
[WhiteTeamCountry "GER"]
[BlackTeamCountry "GER"]

1. e4 c6 2. d4 d5 3. exd5 cxd5 4. c4 Nf6 5. Nc3 Nc6 6. Bg5 Be6 7. Nf3 g6 8. Bxf6 exf6 9. c5 Bg7 10. Qa4 0-0 11. Be2 f5 12. 0-0 g5 13. Rfd1 g4 14. Ne1 Qf6 15. Nc2 f4 16. g3 Rfd8 17. Bb5 Bf5 18. Bd3 Bxd3 19. Rxd3 Qg6 20. Rdd1 Bh6 21. gxf4 Bxf4 22. Ne2 Bc7 23. Qb3 Rd7 24. Qd3 f5 25. Ne3 Rf8 26. Nc3 Qh5 27. Nf1 f4 28. Nb5 Bb8 29. Rac1 Rf6 30. Re1 Rh6 31. f3 gxf3 32. Kf2 Qh4+ 33. Kxf3 Rg6 34. Qf5 Rf7 35. Re8+ Kg7 36. Qc8 Qh5+ 37. Kf2 f3 38. Ke1 f2+ 39. Kd2 Bf4+ 40. Ne3 Bxe3+ 41. Kxe3 Qf3+ 42. Kd2 f1Q 0-1

[Event "Oberliga Nord W 9798"]
[Site "Germany"]
[Date "1998.03.01"]
[Round "7.4"]
[White "Wichmann, Daniel"]
[Black "Kosak, Robert"]
[Result "1/2-1/2"]
[WhiteElo "2125"]
[BlackElo "2245"]
[PlyCount "103"]
[EventDate "1997.10.??"]
[EventType "team"]
[EventRounds "9"]
[EventCountry "GER"]
[SourceTitle "EXT 2003"]
[Source "ChessBase"]
[SourceDate "2002.11.25"]
[SourceVersion "1"]
[SourceVersionDate "2002.11.25"]
[SourceQuality "1"]
[WhiteTeam "Hannover SV"]
[BlackTeam "Bremen Nord"]
[WhiteTeamCountry "GER"]
[BlackTeamCountry "GER"]

1. e4 c6 2. d4 d5 3. e5 Qb6 4. c4 Bf5 5. Nc3 dxc4 6. Bxc4 e6 7. g4 Bg6 8. Nge2 Ne7 9. Nf4 Nd7 10. Nxg6 hxg6 11. Ne4 Nd5 12. Bxd5 cxd5 13. Nc3 Bb4 14. Qd3 Rc8 15. 0-0 Bxc3 16. bxc3 Qc6 17. Bd2 Nb6 18. f4 Nc4 19. Be1 Rc7 20. h3 Kd8 21. Rf3 Kc8 22. Rc1 Kb8 23. Rc2 a6 24. Rg2 Rg8 25. h4 Ka7 26. h5 gxh5 27. gxh5 Rh8 28. Rh3 f5 29. exf6 gxf6 30. Rg6 Qe8 31. h6 f5 32. Qg3 Nd6 33. Rg7 Rxg7 34. hxg7 Rg8 35. Rh7 Qf7 36. Qg2 Ne8 37. Kf1 Nf6 38. Rh8 Rxg7 39. Qe2 Ne4 40. c4 Rg4 41. Qe3 Qc7 42. c5 Rxf4+ 43. Ke2 Rg4 44. Qb3 Ng3+ 45. Kd3 f4 46. a4 Ne4 47. a5 Qxc5 48. dxc5 Nxc5+ 49. Kc3 d4+ 50. Kc4 Nxb3 51. Kxb3 e5 52. Re8 1/2-1/2